000 00352nam a2200133 i 4500
001 bg
100 1 _aZBICHORSKI, Z.
245 0 _aOrganizacja transportu wewnętrznego w zakładach przemysłu maszynowego /
_cZ. Zbichorski.
260 _aBydgoszcz,
_c1976.
040 _cBPK
041 _apol
942 _cKS
008 s pl f |000 0 pol
999 _c2078
_d2078
856 _uhttp://koha.tu.koszalin.pl/cgi-bin/koha/opac-detail.pl?biblionumber=2078
_yKatalog online BPK